A revision of Axinellidae (Porifera:Demospongiae) of the Central West Atlantic region /

Bibliographic Details
Main Author: Alvarez, Belinda
Corporate Author: Smithsonian Institution. Press
Other Authors: Soest, R. W. M. van, Rützler, Klaus
Format: Government Document Book
Language:English
Published: Washington, D.C. : Smithsonian Institution Press, 1998.
Series:Smithsonian contributions to zoology ; no. 598.
Subjects:

MARC

Tag First Indicator Second Indicator Subfields
LEADER 00000cam a22000008a 4500
001 in00000001458
005 20151007050439.0
008 980309s1998 dcua b f000 0 eng
010 |a  98016422  
035 |a (OCoLC)38842120 
035 |9 AJB5363AM 
040 |d GPO  |d DLC  |d MvI  |d UtOrBLW 
043 |a n-us---  |a cc----- 
049 |a UDOC 
050 0 0 |a QL1  |b .S54 no. 598  |a QL373.D4 
074 |a 0910-D 
082 0 0 |a 590 s  |a 593.4/6  |2 21 
086 0 |a SI 1.27:598 
100 1 |a Alvarez, Belinda. 
245 1 2 |a A revision of Axinellidae (Porifera:Demospongiae) of the Central West Atlantic region /  |c Belinda Alvarez, Rob W.M. van Soest, and Klaus Rützler. 
264 1 |a Washington, D.C. :  |b Smithsonian Institution Press,  |c 1998. 
300 |a iii, 47 pages :  |b illustrations ;  |c 28 cm. 
336 |a text  |b txt  |2 rdacontent 
337 |a unmediated  |b n  |2 rdamedia 
338 |a volume  |b nc  |2 rdacarrier 
490 1 |a Smithsonian contributions to zoology ;  |v no. 598 
500 |a Shipping list number: 98-0370-P. 
504 |a Includes bibliographical references (pages 45-47). 
650 0 |a Axinellidae  |z Atlantic Coast (U.S.)  |x Classification. 
650 0 |a Axinellidae  |z Caribbean Sea  |x Classification. 
700 1 |a Soest, R. W. M. van. 
700 1 |a Rützler, Klaus. 
710 2 |a Smithsonian Institution.  |b Press. 
830 0 |a Smithsonian contributions to zoology ;  |v no. 598. 
999 |a MARS 
999 f f |s d75096db-50d2-314b-89a5-907a31fa1abe  |i dd355fcb-9b5f-3ba4-967b-11689e9486c6  |t 0 
952 f f |p normal  |a Texas A&M University  |b College Station  |c Sterling C. Evans Library  |d Evans: US Documents (Annex 5th floor)  |t 0  |e SI 1.27:598-604  |h Superintendent of Documents classification  |i unmediated -- volume  |m A14826157181 
998 f f |a SI 1.27:598-604  |t 0  |l Evans: US Documents (Annex 5th floor)